[Event "RUS-chT 14th"]
[Site "Sochi"]
[Date "2007.05.06"]
[Round "5"]
[White "Kortschnoj, Viktor Lvovich"]
[Black "Iljin, Artem"]
[Result "1-0"]
[WhiteElo "2623"]
[BlackElo "2538"]
[PlyCount "81"]
[EventDate "2007.05.02"]
[EventType "team-tourn"]
[EventRounds "9"]
[EventCountry "RUS"]
[SourceTitle "EXT 2020"]
[Source "ChessBase"]
[SourceDate "2019.10.17"]
[SourceVersion "1"]
[SourceVersionDate "2019.10.17"]
[SourceQuality "1"]
[WhiteTeam "Chelyabinsk South Ural"]
[BlackTeam "Kazan Ladya"]
[WhiteTeamCountry "RUS"]
[BlackTeamCountry "RUS"]

1. d4 Nf6 2. c4 e6 3. Nc3 Bb4 4. Qc2 d5 5. cxd5 exd5 6. Bg5 c5 7. a3 Bxc3+ 8.
bxc3 h6 9. Bxf6 Qxf6 10. e3 O-O 11. Bd3 Qg5 12. g3 Nc6 13. Kf1 c4 14. Be2 Bf5
15. Qd1 Be4 16. Bf3 Qf5 17. Kg2 Nd8 18. Bxe4 dxe4 19. a4 b6 20. Qe2 Rc8 21. Rb1
Nb7 22. h4 Nd6 23. h5 Kh7 24. g4 Qd7 25. a5 b5 26. Nh3 g5 27. hxg6+ fxg6 28.
Rh2 Kg7 29. Nf4 g5 30. Nh5+ Kg6 31. Rh3 Rf7 32. Kh2 Rcf8 33. f4 Qc7 34. Kh1
gxf4 35. Nxf4+ Rxf4 36. exf4 Rxf4 37. Rxh6+ Kxh6 38. Qh2+ Kg5 39. Qh5+ Kf6 40.
Qe5+ Kg6 41. Qxf4 1-0

[Event "Odessa Pivdenny Bank"]
[Site "Odessa"]
[Date "2007.07.06"]
[Round "9"]
[White "Kortschnoj, Viktor Lvovich"]
[Black "Smirin, Ilia"]
[Result "1-0"]
[WhiteElo "2623"]
[BlackElo "2650"]
[PlyCount "49"]
[EventDate "2007.07.04"]
[EventType "tourn (rapid)"]
[EventRounds "9"]
[EventCountry "UKR"]
[EventCategory "17"]
[SourceTitle "CBM 119"]
[Source "ChessBase"]
[SourceDate "2007.08.01"]
[SourceVersion "1"]
[SourceVersionDate "2007.08.01"]
[SourceQuality "1"]

1. d4 Nf6 2. c4 g6 3. Nc3 Bg7 4. e4 d6 5. Bg5 h6 6. Be3 Ng4 7. Bc1 e5 8. d5 f5
9. exf5 gxf5 10. h3 Nf6 11. Nge2 f4 12. Qd3 O-O 13. g3 e4 14. Nxe4 Nxe4 15.
Qxe4 Bf5 16. Qf3 Na6 17. Bg2 Nc5 18. gxf4 Nd3+ 19. Kf1 Re8 20. Qh5 Qf6 21. Bf3
Nxb2 22. Bxb2 Qxb2 23. Kg2 Bd3 24. Rae1 Qb4 25. Nc1 1-0

[Event "George Marx Memorial 5th"]
[Site "Paks"]
[Date "2007.08.08"]
[Round "4"]
[White "Acs, Peter"]
[Black "Kortschnoj, Viktor Lvovich"]
[Result "0-1"]
[WhiteElo "2530"]
[BlackElo "2610"]
[Annotator "Kortschnoj,V"]
[PlyCount "80"]
[EventDate "2007.08.05"]
[EventType "tourn"]
[EventRounds "10"]
[EventCountry "HUN"]
[EventCategory "14"]
[SourceTitle "CBM 120"]
[Source "ChessBase"]
[SourceDate "2007.10.02"]
[SourceVersion "1"]
[SourceVersionDate "2007.10.02"]
[SourceQuality "1"]

1. d4 Nf6 2. c4 e6 3. Nc3 Bb4 4. Nf3 b6 5. Bg5 Bb7 6. Nd2 {I don't believe
this move is an improvement to the natural 6.e3, but now I have to prove my
point of view.} h6 7. Bh4 Be7 $6 {Wrong - the only attempt to refute 6.Nd2 is
to play} (7... Nc6 {Then:} {Finally} 8. a3 (8. e4 $2 Nxd4 9. e5 (9. f4) 9...
Nf5 {with a big advantage for Black.}) ({Or} 8. d5 Ne7 9. e4 Ng6 10. Bg3 exd5
11. cxd5 Qe7 {and Black has a good game.}) 8... Be7 9. e3 {Here the Nc6 is a
bit misplaced - White has a slight edge.}) 8. e4 $1 {Of course!} d6 ({There
were already games with} 8... Nxe4 9. Bxe7 Nxc3 10. Bxd8 Nxd1 11. Bxc7 Nxb2 12.
a4 d5 13. cxd5 exd5 14. Rb1 Nc4 15. Nxc4 dxc4 16. Bxc4 {White stands better.})
9. Bg3 O-O 10. f3 a6 {An English grandmaster would, perhaps, play here Nh5 and
then f7-f5, hoping to justify the location of the bishop on b7. What Black is
going to do now is much weaker.} 11. Qc2 c5 12. d5 exd5 13. cxd5 b5 14. a4 b4
15. Ne2 $6 {The character of the position is clearly to White's benefit. Still,
better not to throw away tempi. White soon comes with this knight to e3 -
playing four times with the knight, instead of Nd1-e3.} ({So, after} 15. Nd1 a5
16. Bb5 $1 {the white position would be overwhelming!}) 15... a5 16. Bf2 Ba6
17. Ng3 Bxf1 18. Ngxf1 Nbd7 19. Ne3 Nb6 20. O-O Re8 21. Rad1 {White is
obviously preparing a break-through e4-e5 in the centre. A solid positional
player would first put his bishop to g3 and the knight to f5 just to look -
can Black still breese or not, would force some weaknesses on the king side of
Black (g7-g6) and only then would start with a decisive assault...} Nfd7 22.
Kh1 Qc7 23. f4 Bf6 24. Ng4 Rac8 {Black is doing his best, activating in a
cramped space his pieces to the utmost. One day he will threaten, probably
with c5-c4...} 25. e5 {Starting without any hesitation, or any more
preliminaries. Namely, he made up his mind having played with the knight to g4.
Because now in many variations Black was ready to push c5-c4.} dxe5 26. Ne4 {
Or 26...d6 Qc6.} ({Well, in a similar position a standard move to be played is
} 26. f5 {or more ambitious:} Nxd5 ({Black can answer} 26... h5 {in order to
discharge a bit tension in centre and the king side.}) 27. Ne4 N7b6 {To
protect the knight d5 with the queen does not work - white takes on d5 when
the queen takes on d5 White plays with the rook to d1 and captures the knight
d7 - with advantage.} 28. Ngxf6+ (28. Bxc5 $2 Be7 {Black stands good.}) 28...
Nxf6 (28... gxf6 29. Bxc5 $16) 29. Nd6 c4 30. Nxe8 Nxe8 {The arising position,
I hope, is about equal...}) 26... exf4 {Black is playing only moves, fully
aware how dangerous his position is.} 27. d6 Qc6 28. Nexf6+ Nxf6 29. Nxf6+ gxf6
30. Qf5 {Or 30.Qd2 Re4} (30. Qd2 Re4) 30... Re5 31. Qxf6 ({After} 31. Qxf4 $1
Rg5 32. Bg3 {White would certainly keep his strong pawn d6.}) 31... Rg5 32. Bg3
$4 {Being worried about the future of his central pawn White commits a blunder.
} ({After} 32. Rg1 Nd5 33. Qxh6 Rg6 34. Qh5 Rxd6 {White has full compensation
for the pawn, but not more.}) 32... Nd5 33. Qxh6 Rg6 $19 34. Qh3 (34. Qh5 Ne3
$19) 34... fxg3 35. Rxd5 (35. Qf5 Nf6 $19) 35... Qxd5 36. Qxc8+ Kg7 37. Qf5 (
37. d7 Rh6 $19) 37... Qxf5 38. Rxf5 Rf6 39. Rf3 Rxf3 40. gxf3 Kf6 0-1

[Event "Baku President's Cup 3rd"]
[Site "Baku"]
[Date "2008.05.12"]
[Round "5"]
[White "Dovliatov, Sanan"]
[Black "Kortschnoj, Viktor Lvovich"]
[Result "0-1"]
[WhiteElo "2438"]
[BlackElo "2598"]
[PlyCount "74"]
[EventDate "2008.05.12"]
[EventType "swiss"]
[EventRounds "9"]
[EventCountry "AZE"]
[SourceTitle "CBM 124 Extra"]
[Source "ChessBase"]
[SourceDate "2008.07.03"]
[SourceVersion "1"]
[SourceVersionDate "2008.07.03"]
[SourceQuality "1"]

1. e4 e5 2. Nf3 Nc6 3. Bb5 a6 4. Ba4 Nf6 5. d3 b5 6. Bb3 Be7 7. Nbd2 d5 8. c3
O-O 9. Qe2 Be6 10. O-O h6 11. Rd1 Re8 12. Nf1 Bd6 13. Ng3 Qc8 14. h3 Ne7 15.
Nh4 c5 16. Qf3 c4 17. Bc2 dxe4 18. dxe4 Bc5 19. Be3 Bxe3 20. Qxe3 Qc7 21. a4
Reb8 22. a5 Ng6 23. Nhf5 Nf4 24. Ne2 Bxf5 25. exf5 N4d5 26. Qf3 Rd8 27. Ng3
Rab8 28. Be4 Nf4 29. Rxd8+ Rxd8 30. Nf1 Nxe4 31. Qxe4 f6 32. Ne3 Kh7 33. Rd1
Rxd1+ 34. Nxd1 Qxa5 35. g3 Qa1 36. gxf4 Qxd1+ 37. Kh2 Qd3 0-1

[Event "Banja Luka 9th"]
[Site "Banja Luka"]
[Date "2008.10.03"]
[Round "5"]
[White "Kortschnoj, Viktor Lvovich"]
[Black "Savanovic, Aleksandar"]
[Result "1-0"]
[WhiteElo "2602"]
[BlackElo "2417"]
[PlyCount "79"]
[EventDate "2008.09.29"]
[EventType "tourn"]
[EventRounds "9"]
[EventCountry "BIH"]
[EventCategory "11"]
[SourceTitle "CBM 126 Extra"]
[Source "ChessBase"]
[SourceDate "2008.11.05"]
[SourceVersion "1"]
[SourceVersionDate "2008.11.05"]
[SourceQuality "1"]

1. d4 d5 2. c4 e6 3. Nf3 Nf6 4. Nc3 Be7 5. Bg5 O-O 6. e3 h6 7. Bh4 b6 8. Rc1
Bb7 9. Bxf6 Bxf6 10. cxd5 exd5 11. Be2 c6 12. O-O Nd7 13. Qc2 Re8 14. Rfd1 Be7
15. e4 Bb4 16. exd5 cxd5 17. Bb5 Bxc3 18. Qxc3 Re7 19. Nh4 g6 20. Qg3 Kh7 21.
Bd3 Nf8 22. Nf3 Rc8 23. Ne5 Rxc1 24. Rxc1 Kg7 25. f4 Rc7 26. Rf1 Bc8 27. f5 Qd6
28. f6+ Kh7 29. h4 h5 30. Qg5 Bg4 31. Nxg4 hxg4 32. Qxg4 Qd7 33. Qh5+ Kg8 34.
Qh6 Ne6 35. Bxg6 fxg6 36. f7+ Qxf7 37. Rxf7 Kxf7 38. g4 Rc4 39. Qh7+ Ng7 40. h5
1-0

[Event "SUI-chT"]
[Site "Switzerland"]
[Date "2009.02.22"]
[Round "1.3"]
[White "Kortschnoj, Viktor Lvovich"]
[Black "Carron, Julien"]
[Result "1-0"]
[WhiteElo "2572"]
[BlackElo "2411"]
[PlyCount "79"]
[EventDate "2009.02.22"]
[EventType "team-tourn"]
[EventRounds "9"]
[EventCountry "SUI"]
[SourceTitle "EXT 2011"]
[Source "ChessBase"]
[SourceDate "2010.11.26"]
[SourceVersion "1"]
[SourceVersionDate "2010.11.26"]
[SourceQuality "1"]
[WhiteTeam "Zuerich"]
[BlackTeam "Wollishofen"]
[WhiteTeamCountry "SUI"]
[BlackTeamCountry "SUI"]

1. d4 Nf6 2. c4 e6 3. Nc3 Bb4 4. Qc2 O-O 5. Bg5 c5 6. e3 d6 7. Nf3 Nbd7 8. Bd3
h6 9. Bh4 b6 10. O-O Bxc3 11. bxc3 Ba6 12. Nd2 Qc7 13. a4 Rfc8 14. Rfd1 d5 15.
cxd5 Bxd3 16. Qxd3 exd5 17. a5 c4 18. Qc2 Qc6 19. f3 Nf8 20. e4 dxe4 21. fxe4
Ng6 22. Bxf6 Qxf6 23. axb6 Qxb6 24. Rf1 Rc7 25. Ra4 Qe6 26. d5 Qb6+ 27. Kh1 Ne5
28. Nf3 Nd3 29. Nd4 Re8 30. Qe2 Qc5 31. Qg4 Rb7 32. Raa1 Ne5 33. Qg3 Ng6 34.
Rae1 Rbe7 35. Ne6 fxe6 36. d6 Rf7 37. Rxf7 Kxf7 38. Rf1+ Kg8 39. Qxg6 Rd8 40.
Qxe6+ 1-0

[Event "SUI-chT"]
[Site "Switzerland"]
[Date "2009.09.05"]
[Round "6.4"]
[White "Kortschnoj, Viktor Lvovich"]
[Black "Huss, Andreas"]
[Result "1-0"]
[WhiteElo "2572"]
[BlackElo "2346"]
[PlyCount "69"]
[EventDate "2009.02.22"]
[EventType "team-tourn"]
[EventRounds "9"]
[EventCountry "SUI"]
[SourceTitle "EXT 2011"]
[Source "ChessBase"]
[SourceDate "2010.11.26"]
[SourceVersion "1"]
[SourceVersionDate "2010.11.26"]
[SourceQuality "1"]
[WhiteTeam "Zuerich"]
[BlackTeam "Winterthur"]
[WhiteTeamCountry "SUI"]
[BlackTeamCountry "SUI"]

1. c4 e6 2. Nc3 Bb4 3. e4 Ne7 4. d4 O-O 5. Nf3 d6 6. Bd3 Nd7 7. a3 Bxc3+ 8.
bxc3 e5 9. O-O Ng6 10. Re1 Nf6 11. a4 a5 12. c5 Bg4 13. cxd6 cxd6 14. h3 Bxf3
15. Qxf3 Qc7 16. Ra3 Qb6 17. Be3 Qb2 18. Rea1 exd4 19. cxd4 Rac8 20. Qd1 Qb6
21. Rb3 Qc7 22. Qb1 Rb8 23. Ra2 Rfe8 24. Rab2 Re7 25. Rb5 Qc6 26. f3 Qc8 27.
Rxa5 d5 28. e5 Nh5 29. Rc5 Qd8 30. Bg5 f6 31. Bxg6 hxg6 32. Qxg6 fxg5 33. Qxh5
Re6 34. Qg4 Ra6 35. Rxb7 1-0

[Event "SUI-chT"]
[Site "Switzerland"]
[Date "2009.09.06"]
[Round "7.4"]
[White "Sedina, Elena"]
[Black "Kortschnoj, Viktor Lvovich"]
[Result "0-1"]
[WhiteElo "2374"]
[BlackElo "2572"]
[PlyCount "70"]
[EventDate "2009.02.22"]
[EventType "team-tourn"]
[EventRounds "9"]
[EventCountry "SUI"]
[SourceTitle "EXT 2011"]
[Source "ChessBase"]
[SourceDate "2010.11.26"]
[SourceVersion "1"]
[SourceVersionDate "2010.11.26"]
[SourceQuality "1"]
[WhiteTeam "Mendrisio"]
[BlackTeam "Zuerich"]
[WhiteTeamCountry "SUI"]
[BlackTeamCountry "SUI"]

1. e4 e6 2. d4 d5 3. Nd2 c5 4. Ngf3 Nc6 5. exd5 exd5 6. Bb5 Bd6 7. dxc5 Bxc5 8.
O-O Nge7 9. Nb3 Bd6 10. Re1 O-O 11. Bd3 h6 12. h3 Nf5 13. c3 Qf6 14. Bc2 Rd8
15. Qd3 Kf8 16. Bd2 a5 17. a4 Bb8 18. Rad1 Ba7 19. Bc1 Be6 20. Nbd4 Nfxd4 21.
Nxd4 Bxd4 22. cxd4 Nb4 23. Qa3 Kg8 24. Bb1 Bf5 25. Bxf5 Qxf5 26. Qg3 Ra6 27.
Qc7 Rc8 28. Qxb7 Rg6 29. Re3 Kh7 30. Rf1 Nc2 31. Rg3 Nxd4 32. Rxg6 Ne2+ 33. Kh1
fxg6 34. g4 Qf3+ 35. Kh2 Rxc1 0-1

[Event "EU-chT Seniors 11th"]
[Site "Velden"]
[Date "2009.04.08"]
[Round "4"]
[White "Kortschnoj, Viktor Lvovich"]
[Black "Westerinen, Heikki MJ"]
[Result "1-0"]
[WhiteElo "2552"]
[BlackElo "2344"]
[PlyCount "59"]
[EventDate "2009.04.05"]
[EventType "team-swiss"]
[EventRounds "9"]
[EventCountry "AUT"]
[SourceTitle "CBM 129 Extra"]
[Source "ChessBase"]
[SourceDate "2009.05.05"]
[SourceVersion "2"]
[SourceVersionDate "2009.05.20"]
[SourceQuality "1"]

1. d4 d6 2. e4 Nf6 3. f3 c5 4. d5 a6 5. a4 e6 6. c4 e5 7. Nc3 Nbd7 8. g3 g6 9.
Nh3 Bg7 10. a5 O-O 11. Bd2 h6 12. Qc1 Kh7 13. Nf2 Ng8 14. h4 f5 15. h5 Qe8 16.
hxg6+ Kxg6 17. exf5+ Rxf5 18. Nce4 Rxf3 19. Qc2 Qf8 20. Nxd6+ Kf6 21. Nfe4+ Ke7
22. Be2 Rf6 23. Nxf6 Ndxf6 24. Nxc8+ Rxc8 25. Qf5 Re8 26. Qe6+ Kd8 27. Qb6+ Kc8
28. Be3 Nd7 29. Bg4 Ngf6 30. d6 1-0

[Event "EU-chT Seniors 11th"]
[Site "Velden"]
[Date "2009.04.10"]
[Round "6"]
[White "Kortschnoj, Viktor Lvovich"]
[Black "Danner, Georg"]
[Result "1-0"]
[WhiteElo "2552"]
[BlackElo "2445"]
[PlyCount "34"]
[EventDate "2009.04.05"]
[EventType "team-swiss"]
[EventRounds "9"]
[EventCountry "AUT"]
[SourceTitle "CBM 129 Extra"]
[Source "ChessBase"]
[SourceDate "2009.05.05"]
[SourceVersion "2"]
[SourceVersionDate "2009.05.20"]
[SourceQuality "1"]

1. d4 Nf6 2. c4 e6 3. Nc3 Bb4 4. Qc2 Nc6 5. e3 e5 6. d5 Ne7 7. Bd2 O-O 8. a3
Bxc3 9. Bxc3 d6 10. Bd3 b5 11. b3 bxc4 12. bxc4 c6 13. dxc6 Qb6 14. Nf3 Qxc6
15. O-O Bb7 16. Rab1 Rab8 17. Rb2 Ba8 1-0

[Event "EU-chT Seniors 11th"]
[Site "Velden"]
[Date "2009.04.11"]
[Round "7"]
[White "Boehnisch, Manfred"]
[Black "Kortschnoj, Viktor Lvovich"]
[Result "0-1"]
[WhiteElo "2374"]
[BlackElo "2552"]
[PlyCount "80"]
[EventDate "2009.04.05"]
[EventType "team-swiss"]
[EventRounds "9"]
[EventCountry "AUT"]
[SourceTitle "CBM 129 Extra"]
[Source "ChessBase"]
[SourceDate "2009.05.05"]
[SourceVersion "2"]
[SourceVersionDate "2009.05.20"]
[SourceQuality "1"]

1. e4 c5 2. Nf3 e6 3. b3 d6 4. Bb5+ Nc6 5. Bxc6+ bxc6 6. O-O e5 7. Re1 g5 8. d3
h6 9. c3 Bg7 10. Na3 Ne7 11. Nc4 O-O 12. Ne3 f5 13. b4 f4 14. Nf1 cxb4 15. Qb3+
Kh8 16. Qxb4 g4 17. N3d2 Ba6 18. c4 c5 19. Qa4 Bc8 20. Rb1 Bd7 21. Qa6 Nc6 22.
a3 Rb8 23. Bb2 Rb6 24. Qa4 Qc8 25. Bc3 Nb4 26. Qxa7 Ra6 27. Qxd7 Qxd7 28. axb4
cxb4 29. Rxb4 Ra3 30. Nb1 Raa8 31. Rb5 Rfb8 32. Rd5 Qa4 33. Bd2 Rb2 34. Nc3 Qb3
35. Rb5 Qa3 36. Nb1 Qa1 37. Bc3 Rxb1 38. Bxa1 Rxe1 39. Bb2 Rd1 40. Rb3 Ra2 0-1

[Event "EU-chT Seniors 11th"]
[Site "Velden"]
[Date "2009.04.13"]
[Round "9"]
[White "Kortschnoj, Viktor Lvovich"]
[Black "Sloth, Jorn"]
[Result "1-0"]
[WhiteElo "2552"]
[BlackElo "2322"]
[PlyCount "83"]
[EventDate "2009.04.05"]
[EventType "team-swiss"]
[EventRounds "9"]
[EventCountry "AUT"]
[SourceTitle "CBM 129 Extra"]
[Source "ChessBase"]
[SourceDate "2009.05.05"]
[SourceVersion "2"]
[SourceVersionDate "2009.05.20"]
[SourceQuality "1"]

1. d4 Nf6 2. c4 e6 3. Nc3 Bb4 4. Qc2 d6 5. Bg5 c5 6. dxc5 dxc5 7. e3 Nc6 8.
Nge2 Ba5 9. Rd1 Qe7 10. g3 Bd7 11. Bg2 h6 12. Bxf6 Qxf6 13. O-O Qe7 14. Ne4 Bc7
15. Qc3 O-O-O 16. Qa3 Bb6 17. N2c3 Kb8 18. Na4 Nb4 19. Nxb6 axb6 20. Qc3 f6 21.
a3 Na6 22. b4 cxb4 23. axb4 Qxb4 24. Qxb4 Nxb4 25. Rb1 Na6 26. Nd6 Bc6 27. Nf7
Bxg2 28. Kxg2 Kc7 29. Nxd8 Rxd8 30. Rfd1 Rc8 31. Rd2 Nc5 32. Rdb2 Nd7 33. c5
Nxc5 34. Rxb6 Ra8 35. Kf3 h5 36. h4 e5 37. g4 e4+ 38. Kg3 hxg4 39. Kxg4 Rh8 40.
R6b4 Rh6 41. Rc1 Kc6 42. Rxe4 1-0

[Event "EU-chT Seniors 12th"]
[Site "Dresden"]
[Date "2010.02.12"]
[Round "3"]
[White "Boehnisch, Manfred"]
[Black "Kortschnoj, Viktor Lvovich"]
[Result "0-1"]
[WhiteElo "2337"]
[BlackElo "2566"]
[PlyCount "82"]
[EventDate "2010.02.10"]
[EventType "team-swiss"]
[EventRounds "9"]
[EventCountry "GER"]
[SourceTitle "CBM 134 Extra"]
[Source "ChessBase"]
[SourceDate "2010.03.03"]
[SourceVersion "1"]
[SourceVersionDate "2010.03.03"]
[SourceQuality "1"]
[WhiteTeam "Leipzig (Seniors)"]
[BlackTeam "Switzerland (Seniors)"]
[WhiteTeamCountry "GER"]
[BlackTeamCountry "SUI"]

1. e4 e6 2. Nf3 c5 3. c3 d5 4. exd5 exd5 5. d4 Nf6 6. Be3 Nbd7 7. Bd3 c4 8. Bc2
Bd6 9. b3 b5 10. a4 cxb3 11. Bxb3 bxa4 12. Rxa4 O-O 13. O-O a5 14. Nbd2 Nb6 15.
Ra2 Ng4 16. Qa1 Qc7 17. h3 Nxe3 18. fxe3 Ba6 19. Rc1 Qe7 20. Rxa5 Qxe3+ 21. Kh1
Be2 22. Re1 Rae8 23. Bd1 Qf2 24. Rxe2 Rxe2 25. Bxe2 Qxe2 26. Qb1 Bf4 27. Ra2
Nd7 28. Qf1 Qe3 29. c4 Nf6 30. Qg1 Qe6 31. cxd5 Qxd5 32. Rc2 Nh5 33. Nf1 Qb5
34. Qf2 Re8 35. N3h2 g6 36. g4 Ng3+ 37. Kg2 Ne2 38. Nf3 Qd3 39. Ra2 Nc3 40. Rb2
Nd1 41. Ne5 Bxe5 0-1

[Event "Zuerich m rap"]
[Site "Zuerich"]
[Date "2015.02.15"]
[Round "2"]
[White "Kortschnoj, Viktor Lvovich"]
[Black "Uhlmann, Wolfgang"]
[Result "1-0"]
[WhiteElo "2499"]
[BlackElo "2326"]
[Annotator "Sagar Shah"]
[PlyCount "91"]
[EventDate "2015.02.15"]
[EventType "match (rapid)"]
[EventRounds "4"]
[EventCountry "SUI"]
[SourceTitle "CBM 164 Extra"]
[Source "ChessBase"]
[SourceDate "2015.03.02"]
[SourceVersion "1"]
[SourceVersionDate "2015.03.02"]
[SourceQuality "1"]

1. c4 Nf6 2. Nc3 g6 3. e4 d6 4. d4 Bg7 5. Bg5 {The Averbakh System has been
one of Korchnoi's weapon against the King's Indian.} Nbd7 6. f4 O-O 7. Nf3 c5
8. d5 Qa5 {This move is already not so good. The queen does absolutely nothing
on a5. Uhlmann's idea was to play b5 in the style of the Benko Gambit. It
would have been better to make the move right away.} (8... b5 9. cxb5 a6 $132 {
With good counterplay.}) 9. Qd2 b5 $2 {Just blundering the pawn. It seems that
Uhlmann did not at all consider that the pawn could be taken with the knight.}
10. Nxb5 $1 (10. cxb5 a6 {gives Black the Benko-like compensation that he is
looking for.}) 10... Qb6 (10... Qxd2+ 11. Nxd2 $14) 11. Nc3 (11. Bd3 Rb8 12.
Rb1 a6 13. Nc3 $16 {gives White a clear edge.}) 11... Rb8 12. Rb1 e6 $6 (12...
h6 {was a better try.} 13. Bh4 Nh5 {with some counter chances.}) 13. dxe6 $1 {
correctly taking the pawn. Taking dxe6 is usually a difficult move to make in
such structures but Korchnoi assesses it perfectly that Black would not be
able to create any counterplay.} fxe6 14. Bd3 Bb7 15. O-O d5 {Uhlmann
understands that he must do something radical or else he is just lost. But his
position simply cannot withstand this.} 16. e5 Ne8 (16... Ne4 {was obvious but
White keeps control.} 17. Qe2 Nxg5 18. Nxg5 $16) 17. Kh1 Nc7 18. Be7 Rfe8 19.
Bd6 Bf8 20. Bxf8 Nxf8 21. b3 {Some would say the rest is matter of technique
and even for an 84-year-old Korchnoi it is not at all difficult. He is a pawn
up and has wonderful control. He finishes off the game efficiently.} Rbd8 22.
Na4 Qc6 23. Qe3 d4 24. Qd2 Na6 25. Ng5 Nb4 {A huge tactical blunder which
loses another pawn.} 26. Be4 Qc7 27. Bxb7 Qxb7 28. Nxc5 $18 Qb8 29. Nge4 Kg7
30. a3 Nc6 31. b4 Nd7 32. Nxd7 Rxd7 33. Nf6 Ree7 34. Nxd7 Rxd7 35. Qd3 Ne7 36.
c5 Nf5 37. b5 Rd5 38. c6 Qc7 39. Rbc1 h5 40. a4 Rd8 41. Rfd1 Ne3 42. Rd2 h4 43.
Qb3 Qf7 44. Rxd4 Rxd4 45. Qxe3 Rxf4 46. Kg1 {An easy win for Viktor the
Terrible.} 1-0